Les années 90 en chanson - Version Internationale - Statistiques

Statistiques générales
  • Ce quiz a été pris 192 fois
  • Le résultat moyen est 13 sur 50
Statistiques - réponses
Artistes Chansons Année % Correct
Madonna Vogue 1990
75%
Nirvana Come as you are 1992
75%
Michael Jackson You are not alone 1995
63%
Ricky Martin Livin' la vida loca 1999
62%
Fugees Killing me softly with this song 1996
57%
Sinéad O'Connor Nothing compares 2 U 1990
54%
Christina Aguilera Genie in a bottle 1999
49%
Corona Rhythm of the night 1994
49%
Depeche Mode Enjoy the silence 1990
49%
Ace of Base All that she wants 1993
41%
Lenny Kravitz Are you gonna go my way 1993
40%
TLC No scrubs 1999
40%
Will Smith Gettin' jiggy with it 1998
39%
Cher The shoop shoop song 1991
37%
MC Hammer U can't touch this 1990
37%
Vanilla Ice Ice ice baby 1991
36%
Jennifer Lopez If you had my love 1999
33%
Patrick Swayze She's like the wind 1992
31%
Jimmy Cliff I can see clearly now 1994
29%
Offspring Pretty fly for a white guy 1999
28%
Puff Daddy & Faith Evans I'll be missing you 1997
28%
Spice Girls Two become one 1997
28%
Sting & Eric Clapton It's probably me 1992
28%
Portishead Glory box 1995
25%
Snap Rhythm is a dancer 1992
21%
Pet Shop Boys Go west 1993
19%
Bellini Samba de Janeiro 1997
17%
Queen You don't fool me 1996
17%
Worlds Apart Baby come back 1996
17%
Edwyn Collins A girl like you 1995
15%
Neneh Cherry Woman 1996
15%
Diana King Shy guy 1995
14%
Nada Surf Popular 1996
14%
UB40 Homely girl 1991
14%
DNA & Suzanne Vega Tom's diner 1990
13%
Jamiroquai Deeper underground 1998
13%
Nomads Yakalelo 1998
13%
Breeders Cannonball 1994
11%
Culture Beat Mister vain 1993
11%
Extreme More than words 1991
11%
Reel 2 Real I like to move it 1994
11%
Stardust Music sounds better with you 1998
11%
En Vogue Don't let go 1997
8%
666 Alarma 1998
7%
Crystal Waters Gypsy woman 1991
7%
Shanice I love your smile 1992
7%
Boyzone Picture of you 1997
6%
Masterboy Generation of love 1995
5%
Whigfield Saturday night 1994
5%
East 17 House of love 1993
4%
Aucun quiz correspondant
Distribution des résultats
% des personnes avec chaque résultat
Percentile par nombre de réponses
Votre historique - résultats
Vous n’avez pas pris ce quiz